Formule 1 2022 - Pilotes, écuries et pays - Statistiques

Statistiques générales
  • Ce quiz a été pris 12 fois
  • Le résultat moyen est 39 sur 55
Statistiques - réponses
Réponse % Correct
Carlos Sainz
100%
Ferrari
100%
George Russell
100%
Lando Norris
100%
Lewis Hamilton
100%
Max Verstappen
100%
Mercedes
100%
Red Bull
100%
Sergio Pérez
100%
Williams
100%
Alpine
86%
Aston Martin
86%
Belgique - Spa-Francorchamps
86%
Brésil - Interlagos
86%
Canada - Montréal
86%
Charles Leclerc
86%
Daniel Ricciardo
86%
États Unis - Austin
86%
Fernando Alonso
86%
Haas
86%
Lance Stroll
86%
McLaren
86%
Valtteri Bottas
86%
Alexander Albon
71%
Alfa Romeo
71%
AlphaTauri
71%
Arabie Saoudite - Djeddah
71%
Australie - Melbourne
71%
Bahreïn - Sakhir
71%
Espagne - Barcelone
71%
Esteban Ocon
71%
France - Le Castellet
71%
Grande-Bretagne - Silverstone
71%
Italie - Monza
71%
Japon - Suzuka
71%
Mexique - Mexico City
71%
Yuki Tsunoda
71%
États Unis - Miami
57%
Guanyu Zhou
57%
Kevin Magnussen
57%
Monaco - Monaco
57%
Nico Hülkenberg
57%
Pays-Bas - Zandvoort
57%
Pierre Gasly
57%
Sebastian Vettel
57%
Azerbaïdjan - Bakou
43%
Émirats Arabes Unis - Abou Dabi
43%
Italie - Imola
43%
Nick De Vries
43%
Nicolas Latifi
43%
Russie - Sotchi
43%
Singapour - Singapour
43%
Hongrie - Budapest
29%
Autriche - Spielberg
14%
Mick Schumacher
14%
Aucun quiz correspondant
Distribution des résultats
% des personnes avec chaque résultat
Percentile par nombre de réponses
Votre historique - résultats
Vous n’avez pas pris ce quiz